Ihya Ulumiddin : jilid 5
| Main Author: | |
|---|---|
| Format: | Book |
| Published: |
KL :
Victory Ajensi ,
1988
|
| Subjects: |
MARC
| LEADER | 00000cam a2200000 7i4500 | ||
|---|---|---|---|
| 001 | 0000039911 | ||
| 005 | 20140113.0 | ||
| 008 | 140113 | ||
| 020 | |a 9839581171 | ||
| 090 | 0 | 0 | |a 297.44 |b GHA |
| 100 | 1 | |a Ghazali | |
| 245 | 1 | 0 | |a Ihya Ulumiddin : |b jilid 5 |c oleh Imam Ghazali |
| 260 | |a KL : |b Victory Ajensi , |c 1988 | ||
| 650 | 0 | |a Islamic ethics | |
| 999 | |a 0000041977 |b Book |c Adult Collection |e Cawangan Muar | ||
| 999 | |a 0001262111 |b Book |c REFERENCE |e Perbadanan Perpustakaan Awam Johor | ||